Responses for Show #2002 - Tuesday, April 27, 1993

Contestants

[<< previous game]

Steve Ricker, an exporter from Laguna Beach, California

Jane Remus, a writer originally from Wellfleet, Nebraska

Richard Beaton, a prep school teacher from St. Petersburg, Florida (whose 1-day cash winnings total $18,800)

[next game >>]

Jeopardy! Round responses

1980
TV ACTORS & ROLES
THE ENVIRONMENT
RELIGIOUS HISTORY
SUGAR
"SWEET" THINGS
    $100 16
Moscow

Steve
    $100 21
Falcon Crest

Jane
    $100 1
Jacques Cousteau

Richard
    $100 4
Mt. Fuji

Jane
    $100 26
monosodium glutamate

Jane
    $100 5
a sweet tooth

Richard
    $200 17
Mt. St. Helens

Richard
    $200 22
Anna Karenina

Jane
    $200 2
the Industrial Revolution

Richard
    $200 12
(Richard: What are the Presbyterians?)

the Anglican Church (the Church of England)

RichardJane
    $200 27
Cuba

Steve
    $200 6
Sweet Charity

Jane
    $300 18
Chrysler Corporation

Steve
    $300 23
The Munsters

Richard
    $300 3
North Carolina

Steve
    $300 13
(Jane: What is Jerusalem?)

Mecca

JaneSteve
    $300 28
New Orleans

Steve
    $300 7
Sweet Dreams

Jane
    $400 19
(Jane: What is the New York Marathon?)

the Boston Marathon

Jane
Triple Stumper
    $400 24
John Ritter

Triple Stumper
    $400 9
Silent Spring

Jane
    $400 14
Buddha

Steve
    $400 29
sucrose

Richard
    $400 8
would smell as sweet

Richard
    $1,400 20
(Steve: What is Salvador? Uh, what is [*]?)
(Alex: Okay, we'll give it to you.)
[Applause]
(Alex: While I was looking for a ruling you came up with the complete name of the country.)

El Salvador

Steve
    $500 25
Piper Laurie

Steve
    $500 10
the Sierra Club

Jane
    $500 15
St. Francis (of Assisi)

Jane
    $500 30
(Richard: What is Ontario?)

Quebec

RichardSteve
    $500 11
the Sweet Adelines

Triple Stumper

Scores at the first commercial break (after clue 15):

Richard Jane Steve
$600 $1,900 $1,000

Scores at the end of the Jeopardy! Round:

Richard Jane Steve
$1,000 $1,900 $4,300

Double Jeopardy! Round responses

THE LITTLE BIGHORN
ART
FAMOUS NAMES
IRELAND
AUTHORS
POT LUCK
    $200 7
General Custer

Steve
    $200 16
Michelangelo

Richard
    $200 1
Noriega

Richard
    $200 14
Patrick

Richard
    $200 3
Norman Mailer

Richard
    $200 21
a bow

Richard
    $400 10
(Steve: Uh, what is a valley?)

a river

RichardSteve
    $400 19
Paul Revere

Richard
    $400 2
(Jane: What is the Hall of Fame?)
(Alex: Be more specific.)

the Baseball Hall of Fame

Jane
    $400 15
a brogue

Jane
    $400 5
Mary Poppins

Jane
    $400 22
Aunt Jemima

Richard
    $600 11
the Black Hills

Richard
    $600 28
Henry VIII

Jane
    $600 4
Legs

Jane
    $1,500 17
(Richard: Drawing a blank.)

Trinity College (the University of Dublin)

Richard
    $600 6
(Henry) Miller

Richard
    $600 23
the Andrea Doria

Richard
    $800 12
Grant

Richard
    $800 27
Botticelli

Steve
    $800 18
Bean

Jane
    $800 29
Waterford

Steve
    $800 8
Colette

Jane
    $800 24
The Best Years of Our Lives

Jane
    $1000 13
Sitting Bull

Richard
    $1000 26
Raphael

Richard
    $1,000 20
Werner von Braun

Richard
    $1000 30
the Killarney Lakes

Triple Stumper
    $1000 9
Lillian Hellman

Richard
    $1000 25
squash

Steve

Scores at the end of the Double Jeopardy! Round:

Richard Jane Steve
$8,300 $6,700 $6,700

[wagering suggestions for these scores]

Final Jeopardy! Round responses

U.S. PRESIDENTS
[Steve's response was revealed first.]
(Alex: [To Steve] Yes, married in the White House.)
...
(Alex: [To Richard] And it looked like you were about to write [*]. Was that a G you were forming there?)
(Richard: It was a C.)
JaneWho is Cleveland?
$300
SteveWho was Grover Cleveland
$2,601
RichardWho was Cle Van Buren?
$5,200
Grover Cleveland

Final scores:

Richard Jane Steve
$3,100 $7,000 $9,301
3rd place: Michael C. Fina 5-piece buffet silver service + Jeopardy! home game 2nd place: trip on Delta to San Juan, Puerto Rico & then stay at Ocean Terrace Inn on St. Kitts + Jeopardy! home game New champion: $9,301

Game dynamics:

Coryat scores:

Richard Jane Steve
$9,800 $6,700 $5,800
23 R
(including 1 DD),
3 W
(including 1 DD)
18 R,
2 W
14 R
(including 1 DD),
1 W

Combined Coryat: $22,300

[game clues] [game scores] [suggest correction]

Game tape date: 1992-12-15
The J! Archive is created by fans, for fans. Scraping, republication, monetization, and malicious use prohibited; this site may use cookies and collect identifying information. See terms. The Jeopardy! game show and all elements thereof, including but not limited to copyright and trademark thereto, are the property of Jeopardy Productions, Inc. and are protected under law. This website is not affiliated with, sponsored by, or operated by Jeopardy Productions, Inc. Join the discussion at JBoard.tv.